História da civilização (Record no. 58818)

MARC details
000 -LÍDER
campo de controle de tamanho fixo 00367 a2200169 4500
001 - NÚMERO DE CONTROLE
campo de controle 58818
020 ## - ISBN - INTERNATIONAL STANDARD BOOK NUMBER
ISBN - International Standard Book Number
040 ## - FONTE DA CATALOGAÇÃO
Instituição que transcreveu o registro Anchieta - Pituba
100 ## - ENTRADA PRINCIPAL--NOME PESSOAL
Nome pessoal Garcia, Eduardo
240 10 - TÍTULO UNIFORME
Título uniforme História da civilização
Idioma da obra por
245 10 - TÍTULO
Título História da civilização
300 ## - DESCRIÇÃO FÍSICA
Extensão 240
362 0# - DATAS DE PUBLICAÇÃO E/OU DESIGNAÇÃO SEQUENCIAL
Datas de publicação e/ou designação sequencial 1979
440 #1 - DECLARAÇÃO DE SÉRIE/ENTRADA ADICIONADA--TÍTULO
Título Egéria
650 #4 - ASSUNTO--TERMO TÓPICO
Cabeçalho tópico ou nome geográfico História do mundo
942 ## - ELEMENTOS DE ENTRADA ADICIONADOS (KOHA)
Tipo de material Koha Livros
Holdings
Situação do descarte Situação das perdas Situação física Não pode ser emprestado Biblioteca de origem Biblioteca atual Data de aquisição Total de empréstimos Código de barras Data de último acesso Data do preço efetivo Tipo de material Koha
        Colégio Anchieta - Pituba Colégio Anchieta - Pituba 21/11/2023   9619/PIT 21/11/2023 21/11/2023 Livros